The e-business formula for success : how to select the right e-business model, Web site design, and online promotion strategy for your business /

Bibliographic Details
Main Author: Sweeney, Susan, 1956-
Corporate Author: NetLibrary, Inc
Format: eBook
Language:English
Published: Gulf Breeze, FL : Maximum Press, [2001]
Subjects:
Online Access:Connect to the full text of this electronic book

MARC

Tag First Indicator Second Indicator Subfields
LEADER 00000cam a2200000Ia 4500
001 in00001836739
005 20220105140921.0
006 m d
007 cr cn-
008 030714s2001 flua sb 001 0 eng d
020 |a 1885068778 (electronic bk.) 
035 |a (OCoLC)ocm52606728 
040 |a N$T  |c N$T  |d UtOrBLW 
049 |a IICC 
050 1 4 |a HF5548.32  |b .S94 2001eb 
082 0 4 |a 658.8/4  |2 21 
100 1 |a Sweeney, Susan,  |d 1956-  |0 http://id.loc.gov/authorities/names/n99000310 
245 1 4 |a The e-business formula for success :  |b how to select the right e-business model, Web site design, and online promotion strategy for your business /  |c Susan Sweeney. 
246 3 |a Ebusiness formula for success 
264 1 |a Gulf Breeze, FL :  |b Maximum Press,  |c [2001] 
264 4 |c ©2001 
300 |a xviii, 338 pages :  |b illustrations ;  |c 23 cm. 
336 |a text  |b txt  |2 rdacontent 
337 |a computer  |b c  |2 rdamedia 
338 |a online resource  |b cr  |2 rdacarrier 
504 |a Includes bibliographical references and index. 
533 |a Electronic reproduction.  |b Boulder, Colo. :  |c NetLibrary,  |d 2003.  |n Available via World Wide Web.  |n Access may be limited to NetLibrary affiliated libraries. 
500 |a Electronic resource. 
650 0 |a Electronic commerce.  |0 http://id.loc.gov/authorities/subjects/sh96008434 
650 0 |a Internet marketing.  |0 http://id.loc.gov/authorities/subjects/sh95005028 
650 0 |a Internet advertising.  |0 http://id.loc.gov/authorities/subjects/sh94006992 
655 7 |a Electronic books.  |2 local 
710 2 |a NetLibrary, Inc.  |0 http://id.loc.gov/authorities/names/no99080690 
776 1 |c Original  |z 1885068603  |w (DLC) 2001000317  |w (OCoLC)45750237 
856 4 1 |u https://proxy.library.tamu.edu/login?url=http://www.netLibrary.com/urlapi.asp?action=summary&v=1&bookid=83598  |z Connect to the full text of this electronic book  |t 0 
994 |a 92  |b IIC 
999 |a MARS 
999 f f |s 2544c66d-36d3-3b5c-bde9-dfbc95e6472d  |i 5afda6f9-2bed-3b37-b39a-a941c1300139  |t 0 
952 f f |a Texas A&M University  |b College Station  |c Electronic Resources  |d Available Online  |t 0  |e HF5548.32 .S94 2001eb  |h Library of Congress classification 
998 f f |a HF5548.32 .S94 2001eb  |t 0  |l Available Online